00000000nam##2200000za#4500
0019.631130
003CaOODSP
00520210624214201
007cr |||||||||||
008150407|2003||||xxc|||||o    f|0| 0 fre|d
040 |aCaOODSP|bfre
043 |an-cn---
0861 |aRC31-17/2003F-PDF
1101 |aCanada.|bCommission des revendications des Indiens.
24510|aEnquête sur la Première Nation des Mississaugas de la New Credit, revendication relative à l'achat de Toronto / |h[ressource électronique]|cComité: Daniel J. Bellegarde, commissaire.
260 |aOttawa - Ontario : |bCommission des revendications des Indiens |c2003.
300 |a[2], 33, [8]p.|bcarte en couleur, références
590 |a03-39|b2003-09-26
69107|aAutochtones|2gcpds
69107|aRevendication|2gcpds
77508|tMississaugas of the New Credit First Nation Inquiry, Toronto Purchase Claim / |w(CaOODSP)9.686678
7760#|tEnquête sur la Première Nation des Mississaugas de la New Credit, revendication relative à l'achat de Toronto / |w(CaOODSP)9.682241
85640|ahttp://publications.gc.ca|qPDF|s220 Ko|uhttps://publications.gc.ca/collections/Collection/RC31-17-2003F.pdf